000 00510pab a2200181 454500
008 180718b2003 xxu||||| |||| 00| 0 eng d
100 _aPreuss, Gil A.
245 _aThe rise and decline of labor-management cooperation: lessons from health care in the twin cities
260 _c2003
300 _ap.85-106.
362 _aWinter
650 _aHealth services
650 _aHospitals
650 _aLabour relations
700 _aFrost, Ann C.
773 _aCalifornia Management Review
909 _a55982
999 _c55982
_d55982